000 00882nam a22002417a 4500
005 20240530110910.0
008 220214s1998 ua g 000 0 ara d
017 _bمصر. دار الكتب
_a2007/3217
020 _a9772082101
040 _aEG-CaGPL
_cEG-CaGPL
082 0 4 _221
_a327.67430612 /
_bم ع
100 0 _aمحمد شريف جاكو
245 1 2 _aالعلاقات السياسية بين تشاد وليبيا :
_bقضية اوزو من 1960 حتى 1990 /
_cمحمد شريف جاكو
250 _aط. 1
260 _aالقاهرة :
_bمكتبة مدبولى،
_c1998
300 _a141 ص. ؛
_c24 سم
650 _2qrmak
_aمحكمة العدل الدولية
650 _2qrmak
_aالعلاقات السياسية
651 _2qrmak
_aليبيا
651 _2qrmak
_aتشاد
942 _2ddc
_cBK
999 _c66290
_d66290